000
00325nam a22001457a 4500
999
_c
12217
_d
12217
020
_a
978-93-534-3227-0
082
_a
515.35
100
_a
John Polking
245
_a
Differential Equations
250
_a
Second Edition
260
_a
New Delhi
_b
Pearson
_c
2019
300
_a
615
650
_a
Mathematics
942
_c
BK